000 00683nam a2200241Ia 4500
005 20230615115230.0
008 131103s9999 xx 000 0 und d
020 _a582051266
_c20.99 pds
040 _aLoreto College
041 _aEnglish
082 _a945.09
_bCLA
100 _aClark,Martin
245 _aModern Italy 1871 - 1995
_cMartin Clark
250 _a2nd ed.
260 _aLondon
_bLongman
_c1996 (1998 printing)
300 _axiii,474 p.
_b ill.,maps
440 _aLongman History Of Italy
504 _aIncludes bibliographical references and index
650 _aItaly - History,1871 - 1995
700 _aHay,Denys,series ed.
850 _aLCLIB
942 _cBK
999 _c8158
_d58637